00526nam a2200157 i 4500001000300000100003100003245007300034260002100107040000800128041000800136942000700144008004100151999001700192856009800209952006100307bg1 aWŁODARSKI, JanbKazimierz 0aTłokowe silniki spalinowe - procesy trybologiczne /cJ. Włodarski. aWarszawa,c1982. cBPK apol cKS s pl f |000 0 pol  c23279d23279 uhttp://koha.tu.koszalin.pl/cgi-bin/koha/opac-detail.pl?biblionumber=23279yKatalog online BPK 00104070aBPKbBPKcwo33336p01599916s2015-10-20yKS